| 000 | 00945nas a2200313 4500 | ||
|---|---|---|---|
| 001 | BR0604234 | ||
| 003 | BR-BrBNA | ||
| 005 | 20231205110344.0 | ||
| 007 | ta | ||
| 008 | 230509b bl.|||p| |||| 00| 00por d | ||
| 040 |
_aBR-BrBNA _bpor _cBiblioteca Nacional de Agricultura |
||
| 041 | _a(Pt) | ||
| 072 | _aQ04 | ||
| 100 | 1 | _aZanela, M.B. | |
| 100 | 1 | _aFischer, V. | |
| 100 | 1 | _aRibeiro, M.E.R. | |
| 100 | 1 | _aBarbosa, R.S. | |
| 100 | 1 | _aMarques, L.T. | |
| 100 | 1 | _aStumpf Júnior, W. | |
| 100 | 1 | _aZanela, C. | |
| 245 | 1 | _aLeite instável não-ácido e composição do leite de vacas Jersey sob restrição alimentar | |
| 650 | _aLEITE | ||
| 650 | _aCOMPOSIÇÃO QUÍMICA | ||
| 650 | _aLACTAÇÃO | ||
| 650 | _aDEFICIÊNCIA NUTRICIONAL | ||
| 773 | 0 |
_tPesquisa Agropecuária Brasileira (Brazil) _xISSN 0100-204X _g(May 2006), v. 41(5) p. 835-840 _wBR0604234 |
|
| 909 |
_a202311 _bLúcia _c55 _dLúcia Elande |
||
| 942 |
_2AGRIS _n0 _cANA |
||
| 999 |
_c187089 _d187089 |
||